| 000 | 00960cab a2200277 4500 | ||
|---|---|---|---|
| 001 | WB3345-49 | ||
| 008 | 090401t1997 xxu||||| |||| 00| 0 eng d | ||
| 035 | _a(Sirsi) u82182 | ||
| 041 | _aeng | ||
| 245 | _aNo option to opt out | ||
| 260 | _c1997 | ||
| 350 | _a0 | ||
| 490 |
_aEstates Gazette _v(9746) 15 November 1997, 154(1) |
||
| 520 | _aReviews the issues and decisions in "Dukeminster (Ebbgate House One) Ltd v Somerfield Properties Co. Ltd" and "National Trust... v Knipe", concerning rent review and agricultural holdings notice to quit. | ||
| 650 | _aAGRICULTURAL HOLDINGS | ||
| 650 | _aDUKEMINSTER EBBGATE HOUSE ONE LTD V SOMERFIELD PROPERTY CO LTD | ||
| 650 | _aNATIONAL TRUST V KNIPE | ||
| 650 | _aNOTICE TO QUIT | ||
| 650 | _aNOTIONAL PREMISES | ||
| 650 | _aPROTECTION FORM EVICTION ACT 1977 S5 | ||
| 650 | _aRENT REVIEW | ||
| 650 | _aRENTAL VALUE | ||
| 690 | _aPROPERTY LAW AND PRACTICE | ||
| 942 | _n0 | ||
| 948 | _c18/11/1997 | ||
| 999 |
_c51845 _d51845 |
||